Villes Belges par Blason - Statistiques

Statistiques générales
  • Ce quiz a été pris 76 fois
  • Le résultat moyen est 7 sur 20
Statistiques - réponses
Par images Réponse % Correct
Liège
94%
Bruxelles
85%
Waterloo
58%
Charleroi
50%
Gand
50%
Mons
44%
Anvers
42%
Bruges
42%
Namur
40%
Arlon
34%
Malines
32%
Tournai
32%
Ostende
31%
La Louvière
19%
Louvain
19%
Hasselt
15%
Genk
8%
Alost
6%
Schaerbeek
5%
Wavre
5%
Aucun quiz correspondant
Distribution des résultats
% des personnes avec chaque résultat
Percentile par nombre de réponses
Votre historique - résultats
Vous n’avez pas pris ce quiz